| 000 | 00469 a2200193 4500 | ||
|---|---|---|---|
| 005 | 20260127103248.0 | ||
| 008 | 260122b |||||||| |||| 00| 0 eng d | ||
| 020 |
_a978819711508 _cRs. 2450.00 |
||
| 040 | _aMAIN | ||
| 082 |
_a576 _bS23A |
||
| 100 | _aSharma, Nandini | ||
| 245 | _aApplied microbiology | ||
| 260 |
_bYking Books _c2024 _aJaipur |
||
| 300 | _avi, 284 | ||
| 650 | _aMicrobiology | ||
| 650 | _aMicroorganisms | ||
| 650 | _aImmunology | ||
| 942 | _cBK | ||
| 999 |
_c395829 _d395829 |
||